| 000 | 01302cam a2200361 i 4500 | ||
|---|---|---|---|
| 001 | 18661747 | ||
| 003 | OSt | ||
| 005 | 20200323132703.0 | ||
| 008 | 150617s2010 my b 001 0 eng | ||
| 010 | _a 2015319177 | ||
| 020 | _a9789675062438 | ||
| 040 |
_aDLC _beng _coclc _erda _dDLC |
||
| 041 | 1 |
_aeng _hper |
|
| 042 |
_alcode _apcc |
||
| 050 | 0 | 0 |
_aBP193.5 _b.T3213 2010 |
| 082 |
_a297.82 _bTAB/S |
||
| 100 |
_aTabatabai, Sayyid Muhammad Husayn _eauthor. _92174 |
||
| 240 | 1 | 0 |
_aShīʻah dar Islām. _lEnglish |
| 245 | 1 | 0 |
_aShiʻite Islam / _cSayyid Muḥammad Ḥusayn Ṭabāṭabāʾī ; translated by Seyyed Hossein Nasr. |
| 250 | _aNew edition. | ||
| 264 | 1 |
_aKuala Lumpur : _bIslamic Book Trust, _c2010. |
|
| 300 |
_a239 pages ; _c23 cm |
||
| 336 |
_atext _2rdacontent |
||
| 337 |
_aunmediated _2rdamedia |
||
| 338 |
_avolume _2rdacarrier |
||
| 504 | _aIncludes bibliographical references (page 221-226) and index. | ||
| 546 | _aEnglish translation of the author's original Persian work. | ||
| 650 | 0 | 0 | _aShīʻah. |
| 700 | 1 |
_aNasr, Seyyed Hossein, _etranslator. |
|
| 906 |
_a7 _bcbc _corigode _d3 _encip _f20 _gy-gencatlg |
||
| 942 |
_2ddc _cBK _h297.82 _iTAB/S _k297.82 _mTAB/S |
||
| 999 |
_c1006 _d1006 |
||